00443nam a2200169 a 450000100060000000300090000600800410001502000150005604000280007108200090009910000200010824500290012826000520015730000070020965000340021665000230025020414CO-ViMGA141112s2004 ck r 000 u spa d a0744588294 aCO-ViMGAbspacCO-ViMGA04aBROf1 aBrowne, Anthony10aLa feria de los animales aMexico : bFondo de cultura económica, c2002 a9p14aANIMALES - CUENTOS INFANTILES14aCUENTOS INFANTILES